Výživa a jej vplyv na zdravotný stav kože
Saved in:
| Main Author: | |
|---|---|
| Other Authors: | |
| Format: | Manuscript Book |
| Language: | Slovak |
| Published: |
2022
|
| Subjects: | |
| Online Access: | http://is.stuba.sk/zp/portal_zp.pl?podrobnosti=156260 |
| Tags: |
No Tags, Be the first to tag this record!
|
MARC
| LEADER | 00000ntm a22000003a 4500 | ||
|---|---|---|---|
| 001 | stuzp88936 | ||
| 003 | SK-STU | ||
| 005 | 20220625211320.9 | ||
| 007 | ta | ||
| 008 | 150427s2015----xo-----f-mn---000-0-slo-d | ||
| 040 | |a STU |b slo | ||
| 041 | 0 | |a slo | |
| 100 | 1 | |a Jarábková, Kristína |u 040250 |4 aut |U FCHPT Ústav potravinárstva a výživy |T FCHPT Oddelenie potravinárskej technológie |X 104129 |U C0250 |Y 685 |7 104129 | |
| 242 | 0 | 1 | |a Nutrition and its Effect on Skin Health |y eng |
| 245 | 1 | 0 | |a Výživa a jej vplyv na zdravotný stav kože |
| 260 | |c 2022 | ||
| 650 | 4 | |a výživa |2 slo | |
| 650 | 4 | |a diéta |2 slo | |
| 650 | 4 | |a alergia |2 slo | |
| 650 | 4 | |a psoriáza |2 slo | |
| 650 | 4 | |a atopická dermatitída |2 slo | |
| 650 | 4 | |a kontaktná dermatitída |2 slo | |
| 650 | 4 | |a nutrition |2 eng | |
| 650 | 4 | |a diet |2 eng | |
| 650 | 4 | |a allergy |2 eng | |
| 650 | 4 | |a psoriasis |2 eng | |
| 650 | 4 | |a atopic dermatitis |2 eng | |
| 650 | 4 | |a contact dermatitis |2 eng | |
| 700 | 1 | |a Hojerová, Jarmila |u 040250 |k Z1 |4 ths |U FCHPT Ústav potravinárstva a výživy |T FCHPT Oddelenie potravinárskej technológie |X 3324 |U C0250 |Y 685 |7 A000003324 | |
| 856 | 4 | |u http://is.stuba.sk/zp/portal_zp.pl?podrobnosti=156260 | |